Estudios básicos sobre la clarificación del jugo de frutas /

Guardado en:
Otros Autores: Benítez, Elisa Inés. (Disertante)
Formato: Manuscrito
Idioma:Spanish
Publicado: 2006.
Materias:
Etiquetas: Agregar Etiqueta
Sin Etiquetas, Sea el primero en etiquetar este registro!
LEADER 01019ntm a22002535a 4500
001 EIQ.libpla003144
008 071025s2006####ag#a#####bm###000#0#spa#d
005 20131220135555.0
245 1 0 |a Estudios básicos sobre la clarificación del jugo de frutas /  |c Elisa Inés Benítez. 
260 |c 2006. 
300 |a xviii, 157 p. :  |b il. ;  |c 21 cm. 
502 |a Tesis (doctorado)--Universidad Nacional del Sur. Departamento de Ingeniería Química, 2006. 
500 |a Director de tesis: Dr. Jorge Enrique Lozano. 
504 |a Incluye referencias bibliográficas. 
100 1 |a Benítez, Elisa Inés.  |4 dis 
710 2 |a Universidad Nacional del Sur (UNS).  |b Dto. de Ingeniería Química  |4 dgg. 
650 4 |a Alimentos  |x Tesis. 
650 4 |a Jugo de frutas  |x Clarificación. 
650 4 |a Jugo de manzana  |x Ultrafiltración. 
650 4 |a Food  |x Thesis. 
650 4 |a Fruit juices  |x Clarification. 
650 4 |a Apple juice  |x Ultrafiltration. 
040 |a AR-BbSID  |b spa  |c AR-BbSID 
859 |a AR-BbSID  |b BIB. PLAPIQUI  |h 664.029  |i B 437  |p 6032